000 00944aam a2200313 i 4500
001 380
003 CO-MdBIC
005 20210904102208.0
008 210904t2003 ck abc|| |||| 00| 0 eng d
020 _a958-693-344-X
040 _bspa.
_aCO-MdFUSB
_cCO-MdFUSB
_dCO-MdFUSBC
_erda
041 _aspa
082 0 4 _aR 612 W1772e
100 1 _aWalker, Richard
245 1 0 _aEnciclopedia del cuerpo humano / Richard Walker
_c/
260 _aMedellín, Colombia : Periódicos Asociados
264 1 _aMedellín, Colombia :
_bPeriódicos Asociados Ltda.
_c[2003]
264 4 _c© 2003
300 _a304 Pag.
_c;
336 _2rdacontent
_atexto
_btxt
337 _2rdamedia
_asin mediación
_bn
338 _2rdacarrier
_avolumen
_bnc
500 _aTítulo original: Encyclopedia of the Human Body
650 1 4 _aANATOMIA HUMANA \ FISIOLOGIA
653 _aEnciclopedia
653 _adel cuerpo humano
942 _cBK
945 _aEstudiante
999 _c31913
_d31913